| 000 | 00437nam a22001697a 4500 | ||
|---|---|---|---|
| 999 |
_c4228 _d4227 |
||
| 005 | 20210908130232.0 | ||
| 008 | 160627b xxu||||| |||| 00| 0 eng d | ||
| 020 | _a81-7035-310-6 | ||
| 041 | _aeng | ||
| 082 | _b10286 | ||
| 100 |
_aSingh M.P. and others _92924 |
||
| 245 | _aConservation of Biodiversity and Natural Resources | ||
| 260 |
_a Delhi _bDaya Publishing House |
||
| 300 | _a358 | ||
| 650 |
_aAgriculture _92837 |
||
| 942 | _cBK | ||